Tilastot visalle Amerikan Tyynenmeren rannikkovaltiot

Klikkaa tästä pelataksesi tätä visaa!

Yleistilastot

  • Tätä visaa on pelattu 222 kertaa
  • Keskiarvotulos 11 / 13

Vastaustilastot

Valtio% Oikein
Kanada
100%
Meksiko
93%
Yhdysvallat
92%
Panama
84%
Chile
83%
El Salvador
83%
Guatemala
83%
Peru
83%
Ecuador
82%
Kolumbia
82%
Costa Rica
81%
Honduras
81%
Nicaragua
80%

Tulosjakauma

Persentiili vastausten määrän mukaan

Jokaisen tuloksen saaneiden osuus

Tuloshistoriasi

Et ole pelannut tätä visaa